| 000 | 00579nam a2200193 a 4500 | ||
|---|---|---|---|
| 001 | 000022563 | ||
| 005 | 20200930021658.0 | ||
| 008 | 101013s2006 dr 000 0 spa d | ||
| 020 | _a9993449431 | ||
| 040 |
_aDO-SdBNP _bspa _cBNPHU |
||
| 082 |
_axxx _bG633b |
||
| 100 | 1 |
_aGómez Ricourt, Rafaela _9267 |
|
| 245 | 1 | 0 |
_aBuscando el rostro de Dios / _cRafaela Gómez Ricourt. |
| 260 |
_aSanto Domingo : _bGente, _c2006. |
||
| 300 |
_a131 p. ; _c22 cm. |
||
| 500 | _aIncluye datos biográficos del autora en la contraportada | ||
| 504 | _aBibliografía : p. 131 | ||
| 049 | _aBNPD | ||
| 999 |
_c22060 _d22060 |
||